Internet of Value and DeFí in Solana

Na minha lista:
Detalhes bibliográficos
Autor principal: Ďurica, Igor (Author)
Outros Autores: Košťál, Kristián (Thesis advisor)
Formato: Manuscrito Livro
Idioma:eslovaco
inglês
Publicado em: 2023
Assuntos:
Acesso em linha:http://is.stuba.sk/zp/portal_zp.pl?podrobnosti=154925
Tags: Adicionar Tag
Sem tags, seja o primeiro a adicionar uma tag!

MARC

LEADER 00000ntm a22000003a 4500
001 stuzp92416
003 SK-STU
005 20230909213101.7
007 ta
008 150427s2015----xo-----f-mn---000-0-slo-d
040 |a STU  |b slo 
041 0 |a eng 
100 1 |a Ďurica, Igor  |u 070400  |4 aut  |U FIIT Fakulta informatiky a informačných technológií  |T FIIT Ústav počítačového inžinierstva a aplikovanej informatiky  |X 102906  |U I400  |Y 672  |7 102906 
242 0 1 |a Internet of Value and DeFí in Solana  |y slo 
245 1 0 |a Internet of Value and DeFí in Solana 
260 |c 2023 
650 4 |a Solana  |2 slo 
650 4 |a DeFi  |2 slo 
650 4 |a Blockchain  |2 slo 
650 4 |a Blockchain Oracle  |2 slo 
650 4 |a Blockchain  |2 eng 
650 4 |a Solana  |2 eng 
650 4 |a DeFi  |2 eng 
650 4 |a Blockchain Oracle  |2 eng 
700 1 |a Košťál, Kristián  |u 070400  |k Z1  |4 ths  |U FIIT Fakulta informatiky a informačných technológií  |T FIIT Ústav počítačového inžinierstva a aplikovanej informatiky  |X 52559  |U I400  |Y 672  |7 52559 
856 4 |u http://is.stuba.sk/zp/portal_zp.pl?podrobnosti=154925